Statistiques concernant Départements français dont l'altitude minimale est inférieure à 2m

Cliquez ici pour prendre le quiz!

Statistiques générales

  • Ce quiz a été pris 132 fois
  • Le résultat moyen est 23 sur 30

Statistiques - réponses

AltitudeDépartement% Correct
0Nord
95%
0Bouches-du-Rhône
89%
-1mMorbihan
88%
0Pas-de-Calais
88%
-5mFinistère
87%
2mCharente
85%
0Charente-Maritime
85%
0Hérault
85%
0Alpes-Maritimes
84%
0Calvados
84%
0Landes
84%
0Var
84%
0Gard
83%
0Gironde
81%
0Loire-Atlantique
81%
0Seine-Maritime
81%
0Somme
81%
0Vendée
81%
0Manche
79%
0Pyrénées-Atlantiques
78%
0Côtes-d'Armor
77%
0Pyrénées-Orientales
77%
0Aude
75%
0Ille-et-Vilaine
64%
0Corse-du-Sud
58%
0Eure
58%
0Haute-Corse
58%
0Deux-Sèvres
50%
0Maine-et-Loire
35%
2mDordogne
28%

Distribution des résultats

Percentile par nombre de réponses

% des personnes avec chaque résultat

Votre développement - résultats

Vous n’avez pas pris ce quiz